000 00674nam a22001697a 4500
005 20240403134707.0
008 240403b |||||||| |||| 00| 0 eng d
082 _a297
_bIDR-M
100 _aHafiz Muhammad Idrees
245 _aMa'ariful Quran /
_cHafiz Muhammad Idrees
260 _aPakistan :
_bMaktaba Al Hassan ;
300 _av-1 (671 p.), v-2 (716 p.), v-3 (644 p.), v-4 (625 p.), v-5 (611 p.), v-6 (529 p.), v-7 (675 p.), v-8 (598 p.) :
_c25 cm.
500 _a1-Set of 8 volumes. 2-v-1 (671 p.), v-2 (716 p.), v-3 (644 p.), v-4 (625 p.), v-5 (611 p.), v-6 (529 p.), v-7 (675 p.), v-8 (598 p.)
650 _aLiterature / Islamic
700 _aQuran
999 _c35526
_d35526